Sistemas modelo para la micropropagación de especies forestales (Registro nro. 5240)

Detalles MARC
000 -CABECERA
Campo de control 00772nam a2200229 a 4500
005 - FECHA Y HORA DE LA ULTIMA TRANSACCION
Campo de control 20170322162727.0
008 - ELEMENTOS DE LONGITUD FIJA—INFORMACION GENERAL
Campo de control 140120b1996 ck ||||| |||| 00| 0 spa d
040 ## - FUENTE DE CATALOGACIÓN
Agencia catalogadora original CO-BoIH
Agencia transcriptora CO-BoIH
041 ## - IDIOMA
Código de idioma para texto/pista de sonido o título separado Español
044 ## - PAÍS DE PUBLICACIÓN
País de publicación Colombia
090 ## - CLASIFICACIÓN LOCAL
Colección IAVH
Consecutivo 00030
100 1# - ASIENTO PRINCIPAL--NOMBRE PERSONAL
Nombre personal Orozco Jaramillo, Cielo
9 (RLIN) 4168
245 ## - MENCION DE TITULO
Título Sistemas modelo para la micropropagación de especies forestales
Parte restante del título propagación in vitro de Cordia alliodora
260 ## - PUBLICACION, DISTRIBUCION, ETC. (PIE DE IMPRENTA)
Lugar de publicación, distribución, etc. Bogotá
Nombre del editor, distribuidor, etc. Instituto Alexander von Humboldt
-- Colciencias
Fecha de publicación, distribución, etc. 1996
300 ## - DESCRIPCION FISICA
Extensión 88 páginas
Otros detalles físicos Fotografías a color
Dimensiones 28 cm.
650 14 - ASIENTO SECUNDARIO DE MATERIA - TERMINO TEMATICO
Término temático o nombre geográfico como elemento de entrada Propagación In vitro
9 (RLIN) 7624
650 14 - ASIENTO SECUNDARIO DE MATERIA - TERMINO TEMATICO
Término temático o nombre geográfico como elemento de entrada Especies forestales
9 (RLIN) 80483
650 14 - ASIENTO SECUNDARIO DE MATERIA - TERMINO TEMATICO
Término temático o nombre geográfico como elemento de entrada Biotecnología
9 (RLIN) 80484
700 ## - ASIENTO SECUNDARIO - NOMBRE PERSONAL
Nombre personal Martínez Vivas, Juan Enrique
9 (RLIN) 4174
942 ## - ELEMENTOS ADICIONALES (KOHA)
Tipo de ítem Informe Técnico
Sistema de clasificación Local
945 ## - PROCESAMIENTO LOCAL
AAAA-MM-DD - Fecha de ingreso o modificacion 1998-02-12
Existencias
Withdrawn status Lost status Sistema de Clasificación Damaged status No para préstamo Colección Inventariado Ubicación Permanente Ubicación actual Fecha de adquisición Total Checkouts Número topográfico Inventario / Código de Barras Date last seen Ejemplar Price effective from Forma de adquisición Tipo de material
    Local     Humboldt Inventariado 2017 Bogotá Bogotá 20/11/2014   IAVH-0030 003811 09/08/2024 Ej 1. 20/11/2014 Institucional Informe Técnico